[Event "13sen.WMH 2003 Senioren"]
[Site "Bad Zwischenahn(17.11.-29.11.2003)"]
[Date "2003.11.29"]
[Round "8"]
[White "Olberg, Gerhard"]
[Black "Keze, Arnis"]
[Result "0-1"]
[WhiteElo "1630"]
[BlackElo "1824"]
[PlyCount "68"]


1. c4 c5 2. Nc3 Nc6 3. g3 e6 4. Bg2 Nf6 5. e4 d6 6. Nge2 Be7 7. O-O Bd7 8. d3
Qc8 9. h3 e5 10. Kh2 h5 11. f3 g5 12. Nd5 Nxd5 13. exd5 Nd4 14. Nxd4 cxd4 15.
Bd2 g4 16. fxg4 hxg4 17. h4 Qd8 18. Rh1 f5 19. Kg1 Bf6 20. Rb1 Qe7 21. b4 Kf7
22. Qe2 Rh5 23. Be1 Re8 24. Bf2 Qf8 25. Rf1 f4 26. Be4 f3 27. Qc2 b6 28. Re1
Qe7 29. Bxd4 exd4 30. Bg6+ Kxg6 31. Rxe7 Rxe7 32. Kf1 Rhe5 33. Qd2 Re2 34. h5+
Kh7 0-1

[Event "13sen.WMH 2003 Senioren"]
[Site "Bad Zwischenahn(17.11.-29.11.2003)"]
[Date "2003.11.29"]
[Round "8"]
[White "Oser, Thor"]
[Black "Schubert, Hans-Joachim[36AUT]"]
[Result "1/2-1/2"]
[WhiteElo "1722"]
[BlackElo "1805"]
[PlyCount "49"]


1. e4 e5 2. g3 Nf6 3. Bg2 c6 4. h3 d5 5. Nc3 d4 6. Nce2 d3 7. cxd3 Qxd3 8. Nc3
Be6 9. Qe2 Bc4 10. Qxd3 Bxd3 11. Nge2 b5 12. f3 Nbd7 13. Nd1 Bxe2 14. Kxe2 Nh5
15. Kf2 Nc5 16. Bf1 Rd8 17. Rg1 Nd3+ 18. Bxd3 Rxd3 19. Ke2 Rd7 20. d3 Bc5 21.
Rg2 O-O 22. g4 Nf4+ 23. Bxf4 exf4 24. Nc3 Rfd8 25. Rd1 1/2-1/2

[Event "13sen.WMH 2003 Senioren"]
[Site "Bad Zwischenahn(17.11.-29.11.2003)"]
[Date "2003.11.29"]
[Round "8"]
[White "Perk, Egbert"]
[Black "Schuler, Georg[29Baling]"]
[Result "1/2-1/2"]
[WhiteElo "1883"]
[BlackElo "1847"]
[PlyCount "65"]


1. Nf3 c5 2. c4 Nc6 3. Nc3 g6 4. g3 Bg7 5. Bg2 Nf6 6. O-O d5 7. cxd5 Nxd5 8.
Ng5 Nxc3 9. dxc3 O-O 10. Qa4 Bd7 11. Qh4 h5 12. Rd1 Qc7 13. Bf4 e5 14. Be3 b6
15. Qe4 Rac8 16. Qd5 Be8 17. Ne4 Ne7 18. Qd6 Nf5 19. Nf6+ Bxf6 20. Qxf6 Nxe3
21. fxe3 Bb5 22. Bd5 Kh7 23. Rf1 Be8 24. Be4 Bc6 25. Bxc6 Qxc6 26. Qxe5 Rce8
27. Qg5 f6 28. Qf4 Re4 29. Qf3 Qe6 30. Rad1 Rf7 31. Rd3 f5 32. Rf2 c4 33. Rd2
1/2-1/2

[Event "13sen.WMH 2003 Senioren"]
[Site "Bad Zwischenahn(17.11.-29.11.2003)"]
[Date "2003.11.29"]
[Round "8"]
[White "Petrasch, Klaus"]
[Black "Merettig, Georg"]
[Result "1/2-1/2"]
[WhiteElo "1914"]
[BlackElo "1816"]
[PlyCount "28"]


1. e4 c5 2. Nf3 b6 3. d4 cxd4 4. Nxd4 Bb7 5. Nc3 g6 6. Be3 Bg7 7. Qd2 Nf6 8. f3
O-O 9. Bc4 Nc6 10. Nxc6 Bxc6 11. O-O-O Rb8 12. Bb3 a5 13. Bh6 b5 14. Bxg7 Kxg7
1/2-1/2

[Event "13sen.WMH 2003 Senioren"]
[Site "Bad Zwischenahn(17.11.-29.11.2003)"]
[Date "2003.11.29"]
[Round "8"]
[White "Petzold, Hilmar"]
[Black "Weyand, Fernand"]
[Result "1-0"]
[WhiteElo "1951"]
[BlackElo "1705"]
[PlyCount "45"]


1. e4 c6 2. d4 d5 3. e5 c5 4. c3 cxd4 5. cxd4 Bf5 6. Nc3 e6 7. Nf3 Nc6 8. Bd3
Bxd3 9. Qxd3 Bb4 10. O-O a6 11. Ne2 Nge7 12. Ng3 Rc8 13. Nh5 O-O 14. Bg5 Qb6
15. a3 Nf5 16. axb4 Nxb4 17. Qd2 Rc2 18. Qf4 Rfc8 19. Qg4 Kh8 20. Nxg7 Nxg7 21.
Bf6 Rg8 22. Ng5 Rc7 23. Qh5 1-0

[Event "13sen.WMH 2003 Senioren"]
[Site "Bad Zwischenahn(17.11.-29.11.2003)"]
[Date "2003.11.29"]
[Round "8"]
[White "Pitro, Erwin"]
[Black "Schwarz, Werner[40Fürth]"]
[Result "1/2-1/2"]
[WhiteElo "1947"]
[BlackElo "1725"]
[PlyCount "66"]


1. f4 e5 2. d3 Nc6 3. Nf3 d6 4. e4 Be7 5. Be2 Nf6 6. O-O O-O 7. a4 h6 8. Na3
exf4 9. Bxf4 Be6 10. b3 a6 11. Nc4 d5 12. exd5 Nxd5 13. Bd2 Bf6 14. Ra3 Nc3 15.
Qe1 Nxe2+ 16. Qxe2 Re8 17. Qd1 Bxc4 18. bxc4 Qd6 19. Rb3 b6 20. Re1 Re6 21.
Rxe6 Qxe6 22. Qe1 Qxe1+ 23. Bxe1 Re8 24. Kf1 a5 25. Bd2 Ne5 26. Nxe5 Bxe5 27.
g3 Re6 28. Rb1 Bd4 29. Bf4 Rf6 30. Kg2 c5 31. h4 Re6 32. Kf1 Rf6 33. Kg2 Re6
1/2-1/2

[Event "13sen.WMH 2003 Senioren"]
[Site "Bad Zwischenahn(17.11.-29.11.2003)"]
[Date "2003.11.29"]
[Round "8"]
[White "Plassmann, Florenz"]
[Black "Fanenbruck, Guenter"]
[Result "1-0"]
[WhiteElo "1862"]
[BlackElo "1593"]
[PlyCount "49"]


1. Nf3 d6 2. d4 Bg4 3. c4 Nd7 4. e4 Bxf3 5. Qxf3 g6 6. Qd1 Bg7 7. Be3 c5 8. Nc3
h5 9. Be2 Nh6 10. O-O Qc8 11. Rc1 Ng4 12. Bxg4 hxg4 13. Nd5 cxd4 14. Bxd4 Ne5
15. c5 Nf3+ 16. gxf3 gxf3 17. Qxf3 Bxd4 18. cxd6 Be5 19. Rxc8+ Rxc8 20. Rd1
Bxd6 21. Nf4 Rh4 22. Ne2 Rc2 23. Rxd6 exd6 24. Qb3 Rxe2 25. Qb5+ 1-0

[Event "13sen.WMH 2003 Senioren"]
[Site "Bad Zwischenahn(17.11.-29.11.2003)"]
[Date "2003.11.29"]
[Round "8"]
[White "Ragsch, Klaus"]
[Black "Villing, Dieter"]
[Result "0-1"]
[WhiteElo "1873"]
[BlackElo "2170"]
[PlyCount "95"]


1. e4 c5 2. Nf3 Nc6 3. d4 cxd4 4. Nxd4 Nf6 5. Nc3 e5 6. Nb3 Bb4 7. Bc4 Nxe4 8.
Qd5 Nd6 9. Be2 Nf5 10. O-O O-O 11. a3 Be7 12. Qe4 d6 13. Nd5 Nfd4 14. Nxd4 Nxd4
15. Nxe7+ Qxe7 16. Bd3 Bf5 17. Qxd4 exd4 18. Bxf5 Rfe8 19. Bd2 Qh4 20. Bd3 Re5
21. Rae1 Rae8 22. g3 Qe7 23. Rd1 d5 24. Bb5 Rc8 25. Bd3 g6 26. f4 Re6 27. Rf2
f5 28. a4 b6 29. Rff1 a5 30. b3 Qc5 31. Rc1 Rce8 32. Kg2 Qa3 33. Rcd1 Re4 34.
h3 Qe7 35. Rf2 Qg7 36. Kh2 Qf6 37. Rdf1 Qd6 38. Kg2 h5 39. g4 fxg4 40. f5 gxf5
41. Rxf5 Re2+ 42. R1f2 Rxf2+ 43. Rxf2 Re4 44. Bf4 Qf6 45. Bd2 Qe5 46. Kf1 Kg7
47. Kg1 gxh3 48. Bf1 0-1

[Event "13sen.WMH 2003 Senioren"]
[Site "Bad Zwischenahn(17.11.-29.11.2003)"]
[Date "2003.11.29"]
[Round "8"]
[White "Rauscher, Erwin[23AUT]"]
[Black "Becker, Guenter[40Steinb]"]
[Result "0-1"]
[WhiteElo "1369"]
[BlackElo "1669"]
[PlyCount "44"]


1. d4 c5 2. d5 e6 3. c4 exd5 4. Qxd5 Nf6 5. Qd1 d5 6. cxd5 Qxd5 7. Qxd5 Nxd5 8.
a3 Nc6 9. Bd2 Nd4 10. Kd1 Nb3 11. Ra2 Bf5 12. Nc3 Nxd2 13. Kxd2 O-O-O 14. Kc1
Nxc3 15. bxc3 Be7 16. a4 Bf6 17. Ra3 Rd6 18. e3 Rhd8 19. Be2 Rd2 20. g4 Bg6 21.
h4 Rc2+ 22. Kb1 Rxe2+ 0-1

[Event "13sen.WMH 2003 Senioren"]
[Site "Bad Zwischenahn(17.11.-29.11.2003)"]
[Date "2003.11.29"]
[Round "8"]
[White "Rehe, Walter"]
[Black "Bierwisch, Bernhard"]
[Result "0-1"]
[WhiteElo "1956"]
[BlackElo "2109"]
[PlyCount "102"]


1. e4 c5 2. Nc3 Nc6 3. g3 g6 4. Bg2 Bg7 5. d3 e6 6. Be3 d6 7. Qd2 Rb8 8. a4 a6
9. Nge2 Nd4 10. O-O b5 11. axb5 axb5 12. Rae1 b4 13. Nd1 b3 14. Bxd4 cxd4 15.
c3 Qa5 16. f4 Ne7 17. f5 dxc3 18. Ndxc3 exf5 19. exf5 Bxf5 20. Nf4 Qa7+ 21. Kh1
O-O 22. Qe2 Be5 23. g4 Bd7 24. Nfd5 Nxd5 25. Bxd5 Be6 26. Bxe6 fxe6 27. Qe4 Rf2
28. d4 Rxh2+ 29. Kg1 Rxb2 30. Ne2 Rxe2 31. Qxe2 Qxd4+ 32. Kg2 Ra8 33. Qf3 Ra2+
34. Re2 Qd5 35. Rff2 Rxe2 36. Rxe2 Qxf3+ 37. Kxf3 b2 38. Re1 g5 39. Ke4 Bf4 40.
Kd3 Kf7 41. Kc2 Be5 42. Rf1+ Kg6 43. Rh1 Bd4 44. Kd3 e5 45. Ke4 h6 46. Kd3 d5
47. Kc2 e4 48. Rd1 Bf6 49. Rh1 Bg7 50. Kb1 Bc3 51. Kc2 d4 0-1

[Event "13sen.WMH 2003 Senioren"]
[Site "Bad Zwischenahn(17.11.-29.11.2003)"]
[Date "2003.11.29"]
[Round "8"]
[White "Roth, Reinhard"]
[Black "Nietsch, Horst"]
[Result "0-1"]
[WhiteElo "1827"]
[BlackElo "1987"]
[PlyCount "132"]


1. e4 e5 2. d4 exd4 3. Qxd4 Nc6 4. Qe3 d6 5. Bd2 Be7 6. Nc3 Nf6 7. O-O-O Be6 8.
f4 Bg4 9. e5 dxe5 10. fxe5 Nd5 11. Nxd5 Qxd5 12. Nf3 Qxa2 13. Bc3 Rd8 14. Rxd8+
Nxd8 15. h3 Bh5 16. g4 Bg6 17. h4 Qa1+ 18. Kd2 Qa4 19. Nd4 Qd7 20. h5 Ne6 21.
Ke1 Bg5 22. Qf2 Be4 23. Nf3 O-O 24. h6 Rd8 25. Be2 Bxf3 26. Qxf3 Bd2+ 27. Kf2
Bxc3 28. bxc3 Qd5 29. hxg7 Qxf3+ 30. Kxf3 Kxg7 31. Bd3 h6 32. Ke3 a5 33. Ra1 b6
34. Be4 Nc5 35. Bc6 Ne6 36. Be4 Re8 37. Bc6 Rd8 38. Be4 Kf8 39. Rh1 Kg7 40. Ra1
Rh8 41. c4 h5 42. gxh5 Rxh5 43. c5 Rh3+ 44. Kd2 Rh4 45. Ke3 Rh5 46. cxb6 cxb6
47. Rg1+ Kf8 48. Rb1 Rxe5 49. Rxb6 f5 50. Rb8+ Kf7 51. Rb7+ Kf6 52. Rb6 Rxe4+
53. Kf3 Rc4 54. Ra6 Rc3+ 55. Ke2 Rxc2+ 56. Kd3 Rc5 57. Ke3 Ke5 58. Ke2 f4 59.
Kf3 Rc3+ 60. Kf2 Ra3 61. Rb6 Nd4 62. Rb7 Ke4 63. Rb1 a4 64. Re1+ Kd5 65. Rb1
Nc2 66. Kg1 Ra1 0-1

[Event "13sen.WMH 2003 Senioren"]
[Site "Bad Zwischenahn(17.11.-29.11.2003)"]
[Date "2003.11.29"]
[Round "8"]
[White "Rubinstein, Mark"]
[Black "Kruek, Josef"]
[Result "1/2-1/2"]
[WhiteElo "1938"]
[BlackElo "1991"]
[PlyCount "116"]


1. c4 Nf6 2. Nc3 e6 3. d4 Bb4 4. Qc2 O-O 5. a3 Bxc3+ 6. Qxc3 d5 7. Bg5 Nbd7 8.
e3 h6 9. Bh4 b6 10. cxd5 exd5 11. b4 Bb7 12. Bd3 c6 13. Nf3 Re8 14. O-O g5 15.
Bg3 Ne4 16. Qc2 Nxg3 17. hxg3 a5 18. Qc3 Qe7 19. Bf5 f6 20. Rfb1 axb4 21. Qxb4
Ra6 22. Ne1 Qxb4 23. axb4 Nf8 24. Bd3 Rxa1 25. Rxa1 Ra8 26. Rxa8 Bxa8 27. g4
Bb7 28. g3 Ne6 29. f4 Nc7 30. Kf2 Ne8 31. Nf3 Nd6 32. Nd2 Kf7 33. f5 Ke7 34.
Kf3 Kd7 35. Kf2 Kc7 36. Kf3 Kd7 37. Kf2 Ke7 38. Kf3 Ne8 39. Kf2 Nc7 40. Kf3 Ne8
41. Kf2 Nc7 42. Nb3 Ba6 43. Ke2 Bc4 44. Nc1 b5 45. Kd2 Na6 46. Kc3 Nc7 47. Kd2
Ne8 48. Ke2 Ng7 49. Kf3 Kd6 50. Ke2 h5 51. gxh5 Nxf5 52. g4 Nh6 53. Kf3 Ke6 54.
Be2 f5 55. gxf5+ Nxf5 56. Nd3 Bxd3 57. Bxd3 Nh6 58. e4 dxe4+ 1/2-1/2

[Event "13sen.WMH 2003 Senioren"]
[Site "Bad Zwischenahn(17.11.-29.11.2003)"]
[Date "2003.11.29"]
[Round "8"]
[White "Sanakoev, Grigory"]
[Black "Kock, Hans-Uwe"]
[Result "1/2-1/2"]
[WhiteElo "2264"]
[BlackElo "2090"]
[PlyCount "49"]


1. e4 c6 2. d4 d5 3. e5 Bf5 4. Nf3 e6 5. Be3 Nd7 6. Nbd2 Ne7 7. h3 Bg6 8. Nh4
Nf5 9. Nxf5 Bxf5 10. Nb3 Be7 11. Be2 O-O 12. O-O b6 13. f4 c5 14. c4 Be4 15.
Rc1 Rc8 16. cxd5 Bxd5 17. Bf3 Bxb3 18. Qxb3 cxd4 19. Bxd4 Rxc1 20. Rxc1 Bc5 21.
Be3 Qh4 22. Kh2 Rd8 23. Rd1 Bxe3 24. Qxe3 Nf8 25. Rd4 1/2-1/2

[Event "13sen.WMH 2003 Senioren"]
[Site "Bad Zwischenahn(17.11.-29.11.2003)"]
[Date "2003.11.29"]
[Round "8"]
[White "Schober, Manfred"]
[Black "Sawadkuhi, Massoud Amir"]
[Result "0-1"]
[WhiteElo "1837"]
[BlackElo "2211"]
[PlyCount "54"]


1. Nf3 c5 2. c4 Nf6 3. g3 b6 4. Bg2 Bb7 5. O-O e6 6. Nc3 Be7 7. b3 O-O 8. Bb2
a6 9. Qc2 Nc6 10. e3 d5 11. d4 dxc4 12. bxc4 cxd4 13. Rfd1 Rc8 14. Nxd4 Nxd4
15. Rxd4 Qc7 16. Bxb7 Qxb7 17. Rad1 Rc7 18. Qd3 h6 19. Ne2 e5 20. Rh4 Rd7 21.
Qc2 Rxd1+ 22. Qxd1 Nh7 23. Rh5 Rd8 24. Qc2 f6 25. Nc3 Qc6 26. Qb3 Bc5 27. Rh4
Ng5 0-1

[Event "13sen.WMH 2003 Senioren"]
[Site "Bad Zwischenahn(17.11.-29.11.2003)"]
[Date "2003.11.29"]
[Round "8"]
[White "Schulz, Hermann[35Uelzen]"]
[Black "Bolduan, Albrecht"]
[Result "1-0"]
[WhiteElo "1584"]
[BlackElo "1368"]
[PlyCount "67"]


1. e4 e6 2. d4 d5 3. exd5 exd5 4. Nf3 Nf6 5. Bd3 b6 6. O-O Be7 7. Bg5 Bg4 8.
Nbd2 O-O 9. Re1 h6 10. Bh4 Nc6 11. c3 Qd7 12. Qa4 a6 13. h3 Be6 14. Qc2 Bxh3
15. Ne5 Nxe5 16. dxe5 Qg4 17. Bg3 Nh5 18. gxh3 Qxh3 19. Bf5 Qxg3+ 20. fxg3 Nxg3
21. Bh3 Bh4 22. Nf3 Be7 23. Kh2 Ne4 24. Rg1 Ng5 25. Nxg5 Bxg5 26. Qf5 f6 27. e6
Rae8 28. Bf1 Re7 29. Bd3 g6 30. Qxg6+ Kh8 31. Qf5 Rg8 32. Raf1 Rd8 33. Rxg5
fxg5 34. Qf6+ 1-0

[Event "13sen.WMH 2003 Senioren"]
[Site "Bad Zwischenahn(17.11.-29.11.2003)"]
[Date "2003.11.29"]
[Round "8"]
[White "Schwagrowski, Bernd"]
[Black "Dirksen, Arno"]
[Result "0-1"]
[WhiteElo "1425"]
[BlackElo "1678"]
[PlyCount "54"]


1. Nf3 Nf6 2. Nc3 d5 3. d4 Bg4 4. e3 Nbd7 5. Be2 Rc8 6. b4 e6 7. a3 a5 8. b5 c5
9. Na4 cxd4 10. Nxd4 Bxe2 11. Qxe2 Nc5 12. Nb2 e5 13. Nf3 Bd6 14. O-O Nce4 15.
Na4 Rc4 16. Nb2 Rc7 17. b6 Rc6 18. Na4 O-O 19. Bd2 Rc4 20. Nb2 Rxc2 21. Na4
Nxd2 22. Nxd2 Qd7 23. Qd1 Qxa4 24. f3 Rfc8 25. Rf2 d4 26. e4 d3 27. Ra2 Rc1 0-1

[Event "13sen.WMH 2003 Senioren"]
[Site "Bad Zwischenahn(17.11.-29.11.2003)"]
[Date "2003.11.29"]
[Round "8"]
[White "Schwichtenberg, Juergen"]
[Black "Waisberg, Arnold"]
[Result "0-1"]
[WhiteElo "1671"]
[BlackElo "2014"]
[PlyCount "82"]


1. b4 d5 2. e3 e5 3. Bb2 Bd6 4. Nf3 Qe7 5. b5 Nf6 6. d4 e4 7. Nfd2 Bg4 8. Be2
Be6 9. c4 dxc4 10. Nxc4 Bxc4 11. Bxc4 O-O 12. O-O Nbd7 13. a4 Nb6 14. Be2 Nbd5
15. Nc3 Rfd8 16. Nxd5 Nxd5 17. Qb3 Rd7 18. g3 Qg5 19. Bc4 Nf6 20. Be2 h5 21. h4
Qf5 22. Kg2 Re8 23. Rac1 Nd5 24. Ba3 Re6 25. Bxd6 Rexd6 26. Rc5 Qe6 27. Qd1 g6
28. Bc4 Qf6 29. Be2 b6 30. Rc4 c5 31. bxc6 Rc7 32. Qc2 Rdxc6 33. Rxc6 Qxc6 34.
Qxe4 Nxe3+ 35. Kf3 Qxe4+ 36. Kxe4 Nxf1 37. Bxf1 Rc1 38. Bb5 Kf8 39. d5 Ke7 40.
Bc6 Kd6 41. Be8 Re1+ 0-1

[Event "13sen.WMH 2003 Senioren"]
[Site "Bad Zwischenahn(17.11.-29.11.2003)"]
[Date "2003.11.29"]
[Round "8"]
[White "Smits, Oswald"]
[Black "Kerkhoff, Werner"]
[Result "1/2-1/2"]
[WhiteElo "1644"]
[BlackElo "1691"]
[PlyCount "83"]


1. d4 f5 2. Nf3 Nf6 3. e3 d6 4. c4 e6 5. Bd3 Be7 6. O-O O-O 7. Nbd2 b6 8. Qc2
g6 9. b3 d5 10. cxd5 exd5 11. Bb2 Bb7 12. Rac1 Bd6 13. Ne5 Qe7 14. f4 Ne4 15.
Ndf3 Nd7 16. Nc6 Qe8 17. Nfe5 Ndf6 18. Be2 a6 19. a3 Kg7 20. b4 Qe6 21. Bf3 Kh8
22. Rce1 Rg8 23. Nd3 Rg7 24. Nce5 Rc8 25. Bd1 h6 26. Rf3 Rcg8 27. Rh3 Rh7 28.
Nf2 h5 29. Nf3 Rgg7 30. Qe2 Nxf2 31. Qxf2 Ne4 32. Qe2 Be7 33. Nd2 Bf6 34. Nxe4
fxe4 35. Kh1 Kg8 36. Rg1 Qf5 37. g4 hxg4 38. Rxh7 Rxh7 39. Qxg4 Qxg4 40. Bxg4
Kf7 41. Rc1 Ke8 42. Kg2 1/2-1/2

[Event "13sen.WMH 2003 Senioren"]
[Site "Bad Zwischenahn(17.11.-29.11.2003)"]
[Date "2003.11.29"]
[Round "8"]
[White "Springer, Artur"]
[Black "Eidelmann, Vova"]
[Result "1/2-1/2"]
[WhiteElo "1832"]
[BlackElo "1930"]
[PlyCount "31"]


1. d4 d5 2. c4 e6 3. Nf3 c6 4. g3 Nd7 5. Nc3 Ngf6 6. Bg2 Bd6 7. O-O O-O 8. b3
Qe7 9. Bb2 Rd8 10. Qc2 Rb8 11. e4 dxe4 12. Nxe4 Nxe4 13. Qxe4 Nf6 14. Qe2 Ba3
15. Rfd1 Bxb2 16. Qxb2 1/2-1/2

[Event "13sen.WMH 2003 Senioren"]
[Site "Bad Zwischenahn(17.11.-29.11.2003)"]
[Date "2003.11.29"]
[Round "8"]
[White "Stiemerling, Karl-Heinz"]
[Black "Luecke, Volkmar"]
[Result "0-1"]
[WhiteElo "1623"]
[BlackElo "1878"]
[PlyCount "114"]


1. d4 Nf6 2. c4 g6 3. Nf3 Bg7 4. Nc3 d5 5. e3 O-O 6. b3 c5 7. Nxd5 Nxd5 8. cxd5
cxd4 9. exd4 Qxd5 10. Bb2 Nc6 11. Bc4 Qe4+ 12. Qe2 Qxe2+ 13. Kxe2 Bg4 14. Rad1
Rad8 15. d5 Bxb2 16. dxc6 bxc6 17. h3 Bc8 18. Ng5 e6 19. Ne4 Bb7 20. Nc5 Ba8
21. Nd3 Bf6 22. h4 Rd6 23. g3 Rfd8 24. Nc5 Rxd1 25. Rxd1 Rxd1 26. Kxd1 Be7 27.
Ne4 Bb7 28. Kd2 a5 29. Ke3 Kg7 30. Kd4 h6 31. Kc3 c5 32. Bd3 Bd5 33. Kd2 Bf6
34. Nxf6 Kxf6 35. Ke3 g5 36. hxg5+ hxg5 37. f4 gxf4+ 38. Kxf4 e5+ 39. Ke3 Kg5
40. Be2 f5 41. Kf2 f4 42. Bb5 fxg3+ 43. Kxg3 Kf5 44. Kf2 Ke4 45. Ke2 Kd4 46.
Kd2 c4 47. bxc4 Bxc4 48. Bd7 Bxa2 49. Bf5 Bd5 50. Kc1 Be4 51. Bd7 Kc3 52. Ba4
Bd5 53. Kb1 e4 54. Bd1 e3 55. Be2 Bc4 56. Bg4 Kd2 57. Kb2 a4 0-1

[Event "13sen.WMH 2003 Senioren"]
[Site "Bad Zwischenahn(17.11.-29.11.2003)"]
[Date "2003.11.29"]
[Round "8"]
[White "Stock, Hugo"]
[Black "Buss, Richard"]
[Result "1/2-1/2"]
[WhiteElo "1614"]
[BlackElo "1404"]
[PlyCount "83"]


1. d4 Nf6 2. Nf3 d5 3. c4 c6 4. cxd5 cxd5 5. Nc3 Nc6 6. Bf4 e6 7. a3 a6 8. e3
Be7 9. Bd3 O-O 10. Qc2 g6 11. h4 Kg7 12. Bg5 h6 13. Bxf6+ Bxf6 14. h5 Qe8 15.
O-O-O b5 16. b4 Bb7 17. hxg6 fxg6 18. Nh4 Bxh4 19. Rxh4 Ne7 20. g4 Rc8 21. Kb2
g5 22. Rh5 Qf7 23. f4 gxf4 24. Qh2 Rh8 25. Rf1 f3 26. Qe5+ Kg8 27. Qf4 Rf8 28.
Rxf3 Qxf4 29. Rxf4 Rxf4 30. exf4 Kg7 31. Ne2 Ng8 32. Rh4 Nf6 33. Ng3 Bc6 34.
Nh5+ Nxh5 35. Rxh5 Be8 36. Re5 Bf7 37. a4 Rb8 38. axb5 axb5 39. f5 exf5 40.
Bxf5 Rb6 41. Bd7 Kf6 42. Rf5+ 1/2-1/2

[Event "13sen.WMH 2003 Senioren"]
[Site "Bad Zwischenahn(17.11.-29.11.2003)"]
[Date "2003.11.29"]
[Round "8"]
[White "Suess, Horst"]
[Black "Geibel, Henning"]
[Result "1-0"]
[WhiteElo "1301"]
[BlackElo "1088"]
[PlyCount "63"]


1. e4 e5 2. Nf3 Nc6 3. Bb5 Nf6 4. d3 Bc5 5. c3 O-O 6. O-O d6 7. h3 Ne7 8. Re1
c6 9. Ba4 b5 10. Bc2 Qb6 11. d4 exd4 12. cxd4 Bb4 13. Nc3 Bxc3 14. bxc3 c5 15.
d5 c4 16. Bg5 h6 17. Bxf6 gxf6 18. Qd2 Kg7 19. Nd4 Rh8 20. Qf4 b4 21. Rab1 Qc5
22. Rxb4 Ng6 23. Qg3 Kf8 24. Reb1 Rg8 25. Qe3 Nh4 26. Qxh6+ Ke8 27. Qxh4 a5 28.
Rb5 Qc7 29. Ba4 Bd7 30. Rb7 Qd8 31. Bxd7+ Kf8 32. Bf5 1-0

[Event "13sen.WMH 2003 Senioren"]
[Site "Bad Zwischenahn(17.11.-29.11.2003)"]
[Date "2003.11.29"]
[Round "8"]
[White "Szymaniak, Horst"]
[Black "Gerhardt, Peter-Michael"]
[Result "1-0"]
[WhiteElo "2007"]
[BlackElo "2016"]
[PlyCount "175"]


1. e4 g6 2. d4 Bg7 3. Nc3 d6 4. f4 e6 5. Nf3 Ne7 6. Bd3 d5 7. e5 Nd7 8. Be3 b6
9. Qd2 Bb7 10. Bf2 a6 11. Ne2 c5 12. c3 c4 13. Bc2 b5 14. g4 h5 15. gxh5 Rxh5
16. Ng3 Rh8 17. h4 Nf5 18. Nxf5 gxf5 19. h5 Bh6 20. Bh4 Qc7 21. Ng5 Nb6 22. Nf3
Kd7 23. O-O-O Kc6 24. Bg5 Bxg5 25. fxg5 Rag8 26. Rdg1 Qe7 27. h6 Bc8 28. Nh4
Qf8 29. Bd1 Bd7 30. Bh5 Be8 31. Rg2 Nd7 32. Rhg1 Qe7 33. Qf2 Nf8 34. Qf4 Ng6
35. Bxg6 fxg6 36. Nf3 Bf7 37. Kb1 Rb8 38. b3 Rhc8 39. Rb2 Bg8 40. Rh1 Bh7 41.
Ka1 Kd7 42. Rhb1 Qa3 43. Nd2 cxb3 44. Rxb3 Qa5 45. Qe3 Rc6 46. Rb4 Qc7 47. Rc1
a5 48. Rb2 b4 49. Nb3 bxc3 50. Rbc2 Rb4 51. Rxc3 Rxc3 52. Rxc3 Rc4 53. Nc5+ Ke7
54. Rxc4 dxc4 55. Qc3 Qc6 56. Qxc4 Qh1+ 57. Kb2 Bg8 58. Ka3 f4 59. Qb3 Qc6 60.
Qb8 Qf3+ 61. Nb3 a4 62. Qxg8 axb3 63. axb3 Qc3 64. Qg7+ Kd8 65. Qf8+ Kd7 66.
Qd6+ Ke8 67. Qxe6+ Kd8 68. Qf6+ Kc7 69. Qxf4 Kb6 70. Qf2 Qa1+ 71. Qa2 Qe1 72.
b4 Qc3+ 73. Ka4 Qc6+ 74. Kb3 Qd5+ 75. Ka3 Qa8+ 76. Kb2 Qg2+ 77. Ka1 Qg1+ 78.
Qb1 Qxd4+ 79. Ka2 Qc4+ 80. Qb3 Qe2+ 81. Qb2 Qc4+ 82. Kb1 Qf1+ 83. Qc1 Qf5+ 84.
Qc2 Qf1+ 85. Kb2 Qf4 86. Qc5+ Kb7 87. e6 Qd2+ 88. Kb3 1-0

[Event "13sen.WMH 2003 Senioren"]
[Site "Bad Zwischenahn(17.11.-29.11.2003)"]
[Date "2003.11.29"]
[Round "8"]
[White "Till, Heinz"]
[Black "Reimann, Wolfgang"]
[Result "0-1"]
[WhiteElo "1363"]
[BlackElo "1350"]
[PlyCount "61"]


1. c4 c5 2. Nc3 d6 3. b3 Nf6 4. h3 g6 5. Bb2 Bg7 6. Qc2 O-O 7. e3 Bf5 8. Bd3
Bxd3 9. Qxd3 Nc6 10. a3 Ne5 11. Qc2 a6 12. d4 cxd4 13. exd4 Ned7 14. Nge2 Rb8
15. a4 e6 16. O-O d5 17. Ba3 Re8 18. c5 e5 19. b4 exd4 20. Nxd4 Ne4 21. Nxe4
Bxd4 22. Nd6 Bxa1 23. Nxe8 Be5 24. f4 Bd4+ 25. Kh1 Qxe8 26. c6 Nf8 27. f5 gxf5
28. Qxf5 bxc6 29. Qg4+ Bg7 30. b5 axb5 31. axb5 0-1

[Event "13sen.WMH 2003 Senioren"]
[Site "Bad Zwischenahn(17.11.-29.11.2003)"]
[Date "2003.11.29"]
[Round "8"]
[White "Titz, Herbert"]
[Black "Zunker, Reinhard,Dr."]
[Result "1/2-1/2"]
[WhiteElo "1949"]
[BlackElo "2132"]
[PlyCount "65"]


1. d4 d6 2. e4 g6 3. Nf3 Bg7 4. Bc4 c6 5. O-O Nf6 6. Qe2 O-O 7. Bg5 d5 8. exd5
cxd5 9. Bd3 Nc6 10. c3 h6 11. Be3 Re8 12. Qd2 Ng4 13. Bf4 e5 14. dxe5 Ngxe5 15.
Nxe5 Nxe5 16. Bb5 Re6 17. Na3 g5 18. Bg3 a6 19. Ba4 b5 20. Bc2 Bb7 21. Bf5 Re8
22. Rad1 Qf6 23. Bb1 Qc6 24. f3 Rad8 25. Nc2 Nc4 26. Qc1 a5 27. Rfe1 b4 28. Nd4
Qb6 29. Bf2 bxc3 30. bxc3 Qb2 31. Qxb2 Nxb2 32. Rxe8+ Rxe8 33. Re1 1/2-1/2

[Event "13sen.WMH 2003 Senioren"]
[Site "Bad Zwischenahn(17.11.-29.11.2003)"]
[Date "2003.11.29"]
[Round "8"]
[White "Trifunovic, Dusan"]
[Black "Meinhardt, Guenther"]
[Result "1/2-1/2"]
[WhiteElo "1869"]
[BlackElo "1737"]
[PlyCount "47"]


1. e4 d5 2. exd5 Nf6 3. Nc3 Nxd5 4. Nxd5 Qxd5 5. Qf3 Qc5 6. c3 e5 7. Qe3 Qxe3+
8. dxe3 Bd6 9. e4 O-O 10. Bc4 Nc6 11. Be3 Na5 12. Bd3 Be6 13. b3 c5 14. c4 Nc6
15. Ne2 Nd4 16. O-O f5 17. Bxd4 exd4 18. f4 fxe4 19. Bxe4 Rab8 20. f5 Bf7 21.
Nf4 Bxf4 22. Rxf4 Rfe8 23. Kf2 Re7 24. g4 1/2-1/2

[Event "13sen.WMH 2003 Senioren"]
[Site "Bad Zwischenahn(17.11.-29.11.2003)"]
[Date "2003.11.29"]
[Round "8"]
[White "Wagner, Carl[40USA]"]
[Black "Kuehn, Peter[38NBrandb]"]
[Result "1/2-1/2"]
[WhiteElo "2099"]
[BlackElo "1882"]
[PlyCount "79"]


1. e4 c5 2. Nc3 Nc6 3. g3 g6 4. Bg2 Bg7 5. d3 d6 6. Be3 e6 7. Qd2 Nge7 8. Bh6
O-O 9. h4 Ne5 10. h5 Bxh6 11. Qxh6 Ng4 12. Qd2 f5 13. hxg6 Nxg6 14. f3 Nf6 15.
O-O-O b5 16. Kb1 b4 17. Nce2 a5 18. Nc1 Ra7 19. Nge2 d5 20. Nf4 Nxf4 21. gxf4
d4 22. Rdg1 Rg7 23. Qf2 Ne8 24. Nb3 Qc7 25. e5 a4 26. Nd2 Ba6 27. Rh6 Qe7 28.
Rgh1 Kh8 29. Bf1 Nc7 30. Nc4 Nd5 31. Nd6 b3 32. Qd2 bxc2+ 33. Kxc2 Ne3+ 34. Kb1
Rb8 35. R6h2 Qd7 36. Be2 a3 37. b3 Nd5 38. Ka1 Nc3 39. Bd1 Rbg8 40. Rh6 1/2-1/2

[Event "13sen.WMH 2003 Senioren"]
[Site "Bad Zwischenahn(17.11.-29.11.2003)"]
[Date "2003.11.29"]
[Round "8"]
[White "Wallhof, Dieter"]
[Black "Suchsland, Helmut,Dr."]
[Result "1-0"]
[WhiteElo "1986"]
[BlackElo "1724"]
[PlyCount "65"]


1. Nf3 Nf6 2. b3 d5 3. Bb2 Bg4 4. e3 e6 5. d4 Be7 6. Nbd2 O-O 7. Bd3 c5 8. O-O
Nc6 9. c4 cxd4 10. exd4 dxc4 11. bxc4 e5 12. d5 Nd4 13. Bxd4 exd4 14. Rb1 b6
15. h3 Bh5 16. g4 Nxg4 17. hxg4 Bxg4 18. Qc2 f5 19. Kg2 h5 20. Rh1 Bd6 21. Nxd4
Qg5 22. Kf1 Rae8 23. Re1 h4 24. Rxe8 Rxe8 25. N4f3 Qf4 26. Nxh4 Bc5 27. Nb3
Be2+ 28. Qxe2 Rxe2 29. Kxe2 Qxf2+ 30. Kd1 Qxa2 31. Bc2 f4 32. Ng6 Be3 33. Rh8+
1-0

[Event "13sen.WMH 2003 Senioren"]
[Site "Bad Zwischenahn(17.11.-29.11.2003)"]
[Date "2003.11.29"]
[Round "8"]
[White "Wanner, Georges"]
[Black "Frauenfelder, Rudolf"]
[Result "0-1"]
[WhiteElo "1680"]
[BlackElo "1926"]
[PlyCount "80"]


1. e4 c5 2. Nf3 Nc6 3. d4 cxd4 4. Nxd4 g6 5. Be3 Nf6 6. f3 Bg7 7. Nc3 O-O 8.
Qd2 d5 9. O-O-O dxe4 10. Kb1 Nxd4 11. Bxd4 exf3 12. gxf3 Bf5 13. Qf2 Qa5 14.
Bc4 Rfd8 15. Bb3 b6 16. h4 e5 17. Be3 Qb4 18. Bd2 Qe7 19. Bg5 Rxd1+ 20. Rxd1
Qe8 21. Bxf6 Bxf6 22. Nd5 Bg7 23. Qd2 Qf8 24. h5 Kh8 25. hxg6 Bxg6 26. Rh1 Rc8
27. Rd1 Qc5 28. Qc3 Qf8 29. Qe3 Rd8 30. Qe2 Qc5 31. Nc3 Rxd1+ 32. Qxd1 h5 33.
Ne4 Qd4 34. Qh1 f5 35. Ng5 e4 36. c3 Qe3 37. Nf7+ Kh7 38. Qf1 exf3 39. Qxf3 f4+
40. Bc2 Qe1+ 0-1